Music Quiz

Random Music or Numbers Quiz

Only Wanna Be With You Quiz Stats

 Plays Quiz not verified by Sporcle

Score 0/40 Timer 05:00
0 Plays Today
Start of Line End of Line % Correct
I've been looking fora girl like you
91.1%
You and me, we come from different worlds
89.5%
You like to laugh at me when Ilook at other girls
89%
I'm such a baby causethe Dolphins make me cry
89%
Well there's nothingI can do
87.3%
I onlywanna be with you
80.2%
I won't danceyou won't sing
75.5%
But there's nothing I can do
74.7%
Sometimes you're crazy andyou wonder why
71.7%
Only wannabe with you
70.9%
I only wannabe with you
70.9%
I'm only mad at you untilI get my way
64.6%
Ionly wanna be with you
62.4%
I only wanna be with you
62.4%
She inheriteda million bucks
61.6%
I just wanna love you butyou wanna wear my ring
60.8%
SometimesI wonder
59.5%
I can't help it ifI'm lucky
56.5%
Well there's nothing I can doI only wanna be with you
54.9%
You can call me a foolI only wanna be with you
54.9%
Start of Line End of Line % Correct
I only wanna be with youI only wanna be with you
54.9%
I only wanna be with youI only wanna be with you
54.9%
Sittin' ona fence
53.6%
Only wanna bewith you
53.6%
Took his wife toItaly
51.1%
You look at me,you got nothing left to say
50.6%
Ain't Bobbyso cool
48.9%
You get so mad at me when I go out with my friends
45.6%
and when she diedit came to me
42.6%
If it willever end
41.4%
Put ona little Dylan
40.5%
You can call meyour fool
31.6%
Yeah I'mtangled up in blue
29.5%
I'm such a babyyeah the Dolphins make me cry
25.7%
'Said I shot a man named Gray
24.9%
I saythat line is great
21.1%
You can call me your fool
20.7%
You ask mewhat I meant by
20.3%
YeahI'm tangled up in blue
14.8%
Sometimes you're crazythen you wonder why
7.2%

You're not logged in!

Compare scores with friends on all Sporcle quizzes.
OR
Log In

You Might Also Like...

Show Comments

Extras

Top Quizzes Today


Score Distribution

Your Account Isn't Verified!

In order to create a playlist on Sporcle, you need to verify the email address you used during registration. Go to your Sporcle Settings to finish the process.

Report this User

Report this user for behavior that violates our Community Guidelines.

Details: